000 00257nam a22001097a 4500
008 230626b xxu||||| |||| 00| 0 eng d
082 _a338.09
_bYEF
245 _aSoviet Industry
260 _aMoscow
_bProgress Publishers
300 _a266p
942 _2ddc
_cBK
999 _c2780
_d2780